000
00327nam a22001457a 4500
003
OSt
005
20231026045356.0
008
231026b |||||||| |||| 00| 0 eng d
040
_c
IIMT UNIVERSITY
100
_a
GEETA, PRESS
245
_a
GEETAWALI
260
_a
GORAKHPUR
_b
GEETA PRESS
_c
NA
300
_a
444
942
_2
ddc
_c
09
999
_c
57529
_d
57529